000 00305nam a22001337a 4500
020 _a0-408-704756
082 _a624 CIV'B
100 _aBLAKE, L.S
_925139
245 _aCIVIL ENGINEERS REFERENCE HANDBOOK
250 _a3RD
260 _aLONDON
_bBUTTERWORTH
_c1975
300 _aXIV, 44-22
942 _cBK
999 _c574283
_d574283